Matemática iv /
Guardado en:
| Autor Principal: | |
|---|---|
| Otros Autores: | , |
| Formato: | Libro |
| Publicado: |
Buenos Aires :
Estrada,
1968
|
| Edición: | 11a. ed. |
| Materias: | |
| Etiquetas: |
Agregar Etiqueta
Sin Etiquetas, Sea el primero en etiquetar este registro!
|
| LEADER | 00935nam a22002655a 4500 | ||
|---|---|---|---|
| 001 | CEM.cems000400 | ||
| 005 | 20061101175056.0 | ||
| 008 | 130507s1968##################000#0#####d | ||
| 003 | CEMS | ||
| 082 | 0 | 4 | |a 510 |
| 100 | 1 | |a Alcántara, Lidia E. | |
| 245 | 1 | 0 | |a Matemática iv / |c Lidia E. Alcántara ; raquel T. Lomazzi ; félix Mina |
| 250 | |a 11a. ed. | ||
| 260 | |a Buenos Aires : |b Estrada, |c 1968 | ||
| 300 | |a 246 p. | ||
| 500 | |a Texto de acuerdo con el programa oficial del 4to año bachillerato (1ra. parte) y 4to. año magisterio | ||
| 505 | 0 | |a Funciones elementales -- Sucesiones -- Nociones de geometría análitica plana | |
| 653 | |a Funciones elementales | ||
| 653 | |a Geometría análitica plana | ||
| 653 | |a Matemática | ||
| 653 | |a Números complejos | ||
| 653 | |a Números reales | ||
| 700 | 1 | |a Lomazzi, Raquel T. | |
| 700 | 1 | |a Mina, Félix | |
| 859 | |a CEMS |b BIB. CEMS - 11 de abril |h 510 |i Al16a11 |p 11077.82 |t Ej.1 |v IV-1 |3 IV-1 | ||
